Química i /
Guardado en:
| Autor Principal: | |
|---|---|
| Formato: | Libro |
| Publicado: |
Buenos Aires :
Ed. Personales,
2002
|
| Materias: | |
| Etiquetas: |
Agregar Etiqueta
Sin Etiquetas, Sea el primero en etiquetar este registro!
|
| LEADER | 00643nam a22002175a 4500 | ||
|---|---|---|---|
| 001 | CEM.cems017068 | ||
| 005 | 20101005153742.0 | ||
| 008 | 130507s2002##################000#0#####d | ||
| 003 | CEMS | ||
| 020 | |a 9879629183 | ||
| 082 | 0 | 4 | |a 540 |
| 100 | 1 | |a Magnetti, Renée César | |
| 245 | 1 | 0 | |a Química i / |c Renée César Magnetti, ángel Darío García, Claudio Víctor Dominighini y Walter Corvalán |
| 260 | |a Buenos Aires : |b Ed. Personales, |c 2002 | ||
| 300 | |a 255 p. | ||
| 653 | |a Química | ||
| 653 | |a Átomo | ||
| 653 | |a Molécula | ||
| 653 | |a Uniones químicas | ||
| 653 | |a Gases | ||
| 859 | |a CEMS |b BIB. CEMS - Agricultura |h 540 |i M274 |p A0474.03 |t Ej.1 | ||
